000 00602nam a22002297a 4500
003 UA-OsUOA
001 21374
007 ta
008 20031201b un ||||| |||| 00| 0 ukr d
090 _a336.717
_bП68
942 _cBK
040 _aUA-OsUOA
_brus
_cUA-OsUOA
_dUA-OsUOA
245 _aПравовые аспекты межбанковских расчетов
_bСборник статей по банковскому праву
300 _a120 с.
955 _a0
041 _arus
080 _a336.717
260 _aКиев
_c1994
044 _aUA
650 7 _2UDC
999 _c307569
_d307569